[Event "Seefeld op"]
[Site "Seefeld"]
[Date "1996.??.??"]
[Round "?"]
[White "Santl, Anton"]
[Black "Raetsky, Alexander"]
[Result "0-1"]
[WhiteElo "2230"]
[BlackElo "2455"]

1.Nf3 d5 2.c4 d4 3.e3 Nc6 4.exd4 Nxd4 5.Nxd4 Qxd4 6.d3 c6 7.Nc3 Nh6 8.Be3 Qd8
9.Be2 Nf5 10.O-O g6 11.Qd2 Bg7 12.Rab1 O-O 13.b4 Re8 14.b5 Qa5 15.Ne4 Qxd2
16.Nxd2 cxb5 17.cxb5 Be6 18.Nc4 Red8 19.Rfd1 Bd4 20.Bxd4 Nxd4 21.Bf1 b6 22.a4 Rac8
23.f3 Kg7 24.Kf2 g5 25.Rb2 Kf6 26.Ra1 Rc5 27.a5 Rxb5 28.Rxb5 Nxb5 29.axb6 axb6
30.Nxb6 Nd4 31.Nc4 h5 32.Nd2 Rg8 33.Nc4 Rb8 34.Ra2 Rb1 35.Rb2 Ra1 36.Nd2 Bd5
37.Ne4+ Kg6 38.Nc3 Be6 39.Ne2 Nc6 40.Nc3 Rc1 41.Ne4 h4 42.Nd2 Bd5 43.Nc4 Nd4
44.Rb6+ f6 45.Rb2 e5 46.Nd2 Kf7 47.Be2 f5 48.h3 Ke7 49.Bf1 Kd6 50.Rb6+ Rc6
51.Rb2 Rc2 52.Rxc2 Nxc2 53.Be2 Kc5 54.Bf1 Kd4 55.Nb1 Ba2 56.Nd2 Kc3 57.Ke2 Nd4+
58.Kd1 Bb3+ 59.Kc1 Bc2 60.Nc4 Nb3+  0-1

[Event "Sentjur op"]
[Site "Sentjur"]
[Date "1996.??.??"]
[Round "?"]
[White "Zecevic, Dean"]
[Black "Sitnik, Igor"]
[Result "1/2-1/2"]
[WhiteElo "2325"]
[BlackElo "2160"]

1.Nf3 d5 2.c4 e6 3.d4 Nf6 4.Bg5 Be7 5.Nc3 Nbd7 6.e3 O-O 7.Rc1 c6 8.Bd3 dxc4
9.Bxc4 Nd5 10.Bxe7 Qxe7 11.Ne4 N5f6 12.Ng3 e5 13.O-O exd4 14.Qxd4 Nb6 15.Bb3 Be6
16.Qe5 Rfe8 17.Nf5 Bxf5 18.Qxf5 h6 19.Rfd1 Rad8 20.Rxd8 Rxd8 21.Ne5 Nbd5
22.e4 g6 23.Nxg6 Qxe4 24.Qxe4 Nxe4 25.Bxd5 cxd5 26.Nf4 Rd6 27.f3 Nf6 28.Rc7 Rb6
29.Nd3 Kf8 30.Kf2 Ke8 31.Ke3 Nd7 32.Kd4 Kd8 33.Rc2 Nf6 34.g4 Kd7 35.h4 Kd6
36.Rc5 Ra6 37.g5 Ra4+ 38.b4 hxg5 39.hxg5 b6 40.Rc3 Ne8 41.Rb3 Nc7 42.f4 Rxa2
43.Ke3 Ne6 44.Rb1 d4+ 45.Ke4 Re2+ 46.Kf5 Re3 47.Ne5 Kd5 48.Ra1 Nxf4 49.Ng4 Ne6
50.Nxe3+ dxe3 51.b5 Kd4 52.g6 Ng7+ 53.Kf4 fxg6 54.Rxa7 Nf5 55.Kf3 Kd3  1/2-1/2

[Event "Sheffield"]
[Site "Sheffield"]
[Date "1996.??.??"]
[Round "2"]
[White "Martin, Benjamin"]
[Black "Crouch, Colin S"]
[Result "1-0"]
[WhiteElo "2375"]
[BlackElo "2380"]

1.Nf3 d5 2.c4 c6 3.b3 Nf6 4.g3 Bg4 5.Bg2 Nbd7 6.Bb2 e6 7.O-O Bd6 8.d3 Qe7
9.Nbd2 O-O 10.Re1 Rad8 11.cxd5 cxd5 12.Nd4 Bc5 13.Rc1 e5 14.Nc2 Rfe8 15.Nf1 Bd6
16.Nfe3 Be6 17.d4 e4 18.Qd2 Nb8 19.Bc3 Nc6 20.a4 h5 21.Ra1 h4 22.b4 hxg3
23.fxg3 Nh5 24.b5 Nb8 25.Bb4 f5 26.Bxd6 Rxd6 27.Rf1 Rf8 28.Nd1 Nd7 29.a5 Ndf6
30.Qg5 Qe8 31.Rb1 Nh7 32.Qd2 N5f6 33.e3 Qh5 34.Nf2 Ng5 35.Rbc1 Bd7 36.Qb4 Ne8
37.Ne1 Qe2 38.Rc7 Qxb5 39.Rxb7 Qxb4 40.Rxb4 Ra6 41.h4 Ne6 42.Nc2 Rxa5 43.Rb7 Bc8
44.Rb8 Nd6 45.Rfb1 Nc4 46.Nd1 Ba6 47.Nc3 Nd2 48.Rxf8+ Kxf8 49.Rb8+ Kf7 50.Nb4 Bc4
51.Kf2 Kg6 52.Rb7 Nf8 53.Bh3 Nf3 54.Nc6 Ra3 55.Ne7+ Kh5 56.Nxf5 Rxc3 57.g4+ Kg6
58.Rxg7+ Kf6 59.g5+ Ke6 60.Re7+  1-0

[Event "Sheffield"]
[Site "Sheffield"]
[Date "1996.??.??"]
[Round "4"]
[White "Martin, Benjamin"]
[Black "Shaw, John"]
[Result "1-0"]
[WhiteElo "2375"]
[BlackElo "2355"]

1.Nf3 d5 2.c4 dxc4 3.Na3 c5 4.Nxc4 Nc6 5.g3 f6 6.Bg2 e5 7.d3 Nge7 8.O-O Nf5
9.Bd2 Be7 10.a3 Be6 11.b4 cxb4 12.axb4 a6 13.Na5 Qb6 14.Nxc6 bxc6 15.Qa4 O-O
16.Rfc1 c5 17.e4 Nh6 18.Rab1 Rfb8 19.d4 exd4 20.Nxd4 cxd4 21.Rc6 Qb5 22.Qxb5 Rxb5
23.Rxe6 Kf7 24.Rc6 Rab8 25.Rxa6 Bxb4 26.Bf1 R5b7 27.Bc4+ Kg6 28.Bd5 Rb5 29.Bc6 Bxd2
30.Rxb5 Rxb5 31.Bxb5 Ng4 32.h3 Ne5 33.f4 Nf3+ 34.Kf2 Ne1 35.Ra2 Bc3 36.Re2  1-0

[Event "SLO-chT sf"]
[Site "SLO"]
[Date "1996.??.??"]
[Round "7"]
[White "Ciglic, Boris"]
[Black "Vospernik, Andrej"]
[Result "0-1"]
[WhiteElo "2175"]
[BlackElo "2145"]

1.Nf3 d5 2.c4 c6 3.b3 g6 4.Bb2 Nf6 5.g3 Bg7 6.Bg2 O-O 7.O-O Re8 8.d3 Nbd7
9.Nbd2 e5 10.e4 d4 11.b4 c5 12.a3 Qe7 13.Rb1 cxb4 14.axb4 Qxb4 15.Bxd4 Qd6
16.Bc3 Qxd3 17.Bb4 Nb8 18.Rb3 Qd8 19.Qa1 Nc6 20.Bc3 Nd7 21.Rb5 a6 22.Rd5 Qc7
23.c5 Ne7 24.Rc1 Nxd5 25.exd5 Nxc5 26.Ba5 b6 27.Ne4 bxa5 28.Rxc5 Qd8 29.Nfd2 f5
30.Nc3 e4 31.Qa2  0-1

[Event "Rudenko mem"]
[Site "St Petersburg"]
[Date "1996.??.??"]
[Round "1"]
[White "Umanskaya, Irina"]
[Black "Tkacheva, Lyuba"]
[Result "1-0"]
[WhiteElo "2320"]
[BlackElo "2065"]

1.Nf3 d5 2.c4 d4 3.e4 Nc6 4.d3 e5 5.Be2 Bb4+ 6.Bd2 Bxd2+ 7.Qxd2 a5 8.Na3 Nge7
9.Qg5 Ng6 10.Qxd8+ Kxd8 11.Ng5 Be6 12.Nxe6+ fxe6 13.g3 Rf8 14.h4 Kd7 15.O-O Nb4
16.c5 Na6 17.Rac1 Nb4 18.Nc4 Nxa2 19.Ra1 Nb4 20.h5 Ne7 21.Nxe5+ Kd8 22.Nc4 Nec6
23.Ra4 Ke7 24.Rfa1 Nc2 25.Rc1 N2b4 26.Rca1 Nc2 27.Rc1 N2b4 28.f4 Ra6 29.Nd2 b5
30.cxb6 cxb6 31.e5 Ra7 32.Ne4 g6 33.hxg6 hxg6 34.Raa1 Rh8 35.Rc4 b5 36.Rc5 Rb7
37.Rac1 Rb6 38.Kf2 Kd7 39.Ng5 Na6 40.R5c2 Ncb4 41.Rd2 Nc7 42.Bf3 Ncd5 43.Be4 Ne3
44.Kf3 Nf5 45.Rdd1 Rh2 46.Rh1 Rxb2 47.Bxf5 exf5 48.Rh7+ Kd8 49.Nf7+ Kd7 50.Nd6+ Ke6
51.Ne8 Na6 52.Rcc7  1-0

[Event "Petrov mem"]
[Site "St Petersburg"]
[Date "1996.??.??"]
[Round "4"]
[White "Krogius, Nikolai V"]
[Black "Karasev, Vladimir I"]
[Result "1-0"]
[WhiteElo "2490"]
[BlackElo "2360"]

1.Nf3 d5 2.c4 dxc4 3.Na3 c5 4.Nxc4 b5 5.Ne3 Bb7 6.a4 a6 7.axb5 axb5 8.Rxa8 Bxa8
9.Qb3 Qa5 10.Nc4 Qa6 11.Nce5 c4 12.Nxc4 Qc6 13.Nfe5 Qd5 14.e4 Qxe4+ 15.Be2 Nf6
16.Qxb5+ Nbd7 17.f3 Qd5 18.Qa4 e6 19.Ne3 Qxe5 20.Qxa8+ Qb8 21.Qxb8+ Nxb8
22.Bb5+ Nbd7 23.Nc4 Bc5 24.Ne5 Ke7 25.Nc6+ Kd6 26.d4 Nd5 27.dxc5+ Kxc5 28.Ba4 N7b6
29.b4+ Kd6 30.Bb5 Rc8 31.Bb2 f6 32.Nd4 e5 33.Ne2 Rc2 34.Bc1 Nxb4 35.Ba3 Kc5
36.Bd3 Ra2 37.Bxb4+ Kxb4 38.Kf2 Nd5 39.Rb1+ Kc5 40.Rc1+ Kd6 41.Bc4 Ra5 42.Rd1 Rc5
43.Bb3 Kc6 44.g3 f5 45.Ra1 Ne7 46.Ra7 Kd6 47.h4 g6 48.Rb7 h6 49.Rb6+ Rc6
50.Rxc6+ Nxc6 51.Bf7 g5 52.h5 f4 53.Bg6 Ne7 54.Bc2 fxg3+ 55.Nxg3 Ke6 56.Be4 Ng8
57.Bf5+ Kd5 58.Ne4 Kd4 59.Bh7 Ne7 60.Ng3 e4 61.Bxe4 Ke5 62.Ke3 Ng8 63.Bc2 Nf6
64.Bb3 Ne8 65.Bf7 Nd6 66.Bg6 Nc4+ 67.Kf2 Nd6 68.Ne2 Nc4 69.Bd3 Nd6 70.Kg3 Nc8
71.Nc3 Nd6 72.Kg4 Nf7 73.Ne4 Kd4 74.Bc2 Ne5+ 75.Kg3 Nf7 76.Nf6 Nd8 77.Ng4 Nf7
78.Bg6 Nd6 79.Nxh6 Ke5 80.Nf7+  1-0

[Event "RUS-Cup1 Chigorin mem"]
[Site "St Petersburg"]
[Date "1996.??.??"]
[Round "4"]
[White "Nadezhdin, Dmitry"]
[Black "Berezkin, G."]
[Result "1-0"]
[WhiteElo "2210"]
[BlackElo "2320"]

1.Nf3 d5 2.c4 d4 3.g3 g6 4.Bg2 Bg7 5.O-O e5 6.d3 Ne7 7.b4 a5 8.bxa5 Rxa5
9.Nbd2 O-O 10.Nb3 Ra7 11.a4 b6 12.a5 c5 13.Ba3 Nd7 14.Qc2 Qc7 15.axb6 Qxb6
16.Rfb1 Qc7 17.Ng5 Nf5 18.Ne4 Bb7 19.Nbxc5 Rxa3 20.Nxb7 Rfa8 21.Rxa3 Rxa3
22.c5 Bf8 23.Qc4 Kg7 24.h4 Ra7 25.c6 Nb8 26.Ng5 Nd6 27.Qd5 Nxb7 28.cxb7 Na6
29.Kh2 h6 30.Nf3 Bd6 31.Nd2 Nb4 32.Qb3 Qc3 33.Qd1 Qc2 34.Qxc2 Nxc2 35.Nc4 Bc7
36.Nb6 Nb4 37.Nd7 Nc6 38.Bd5 Nb8 39.Nc5 Bd6 40.Nb3 Bc7 41.Kg2 g5 42.hxg5 hxg5
43.g4 Bb6 44.Kf3 Kg6 45.Ke4 Kf6 46.Bc4 Bc7 47.Kd5 Ke7 48.Bb5 f6 49.Nc5 Bb6
50.Ne4 Bc7 51.Ng3 Ba5 52.Nf5+ Kf7 53.Kd6 Bd8 54.Ng3 Ba5 55.Ne4  1-0

[Event "RUS-Cup1 Chigorin mem"]
[Site "St Petersburg"]
[Date "1996.??.??"]
[Round "6"]
[White "Ivanov, S."]
[Black "Malaniuk, Vladimir P"]
[Result "0-1"]
[WhiteElo "2490"]
[BlackElo "2610"]

1.Nf3 d5 2.c4 d4 3.g3 g6 4.b4 Bg7 5.d3 e5 6.Bg2 Ne7 7.O-O O-O 8.a4 a5 9.bxa5 Nbc6
10.Nbd2 Nxa5 11.Nb3 Nxb3 12.Qxb3 Nc6 13.Nd2 Na5 14.Qc2 Bd7 15.Ba3 Re8 16.Rfb1 Ra7
17.Bc5 b6 18.Bb4 c5 19.Bxa5 Rxa5 20.Qb3 Bh6 21.Rb2 Bxd2 22.Rxd2 Re6 23.Bd5 Rd6
24.e3 Be6 25.e4 Qg5 26.Qd1 Bg4 27.f3 Qe3+ 28.Rf2 Rf6 29.Kg2 Bh3+ 30.Kg1 h5
31.Ra2 Kg7 32.Kh1 Rxa4 33.Rae2 Qxd3 34.Rd2 Qe3 35.f4 Rb4 36.Rde2 Qb3 37.Qe1 Qb1
38.Kg1 Bg4 39.fxe5 Rxf2  0-1

[Event "Petrov mem"]
[Site "St Petersburg"]
[Date "1996.??.??"]
[Round "7"]
[White "Kochyev, Alexander"]
[Black "Volkov, Sergey"]
[Result "1-0"]
[WhiteElo "2430"]
[BlackElo "2460"]

1.Nf3 d5 2.c4 e6 3.g3 c6 4.b3 a5 5.a3 Nf6 6.Bg2 Bd6 7.Bb2 O-O 8.O-O Nbd7
9.d4 a4 10.c5 Bc7 11.b4 Re8 12.Nbd2 e5 13.dxe5 Ng4 14.e4 Ndxe5 15.exd5 cxd5
16.h3 Nxf2 17.Rxf2 Nd3 18.Nf1 Nxf2 19.Kxf2 Bf5 20.Qd4 f6 21.Rd1 Be4 22.Ne3 Qb8
23.g4 Rd8 24.Nf5 Ra6 25.Qc3 Re6 26.N3d4 Re5 27.Bxe4 Rxe4 28.Nf3 Rd7 29.Qd3 Qe8
30.Rd2 h5 31.Nd6 Bxd6 32.Qxd5+ Re6 33.cxd6 Rxd6 34.Qc4 b5 35.Qc2 Rc6 36.Qf5 hxg4
37.hxg4 Rc4 38.g5 Rce4 39.gxf6 Re2+ 40.Rxe2 Rxe2+ 41.Kg3 Rxb2 42.Qd5+ Kh7
43.f7 Qb8+ 44.Qe5 Qxe5+ 45.Nxe5 Rb3+ 46.Kf2  1-0

[Event "Petrov mem"]
[Site "St Petersburg"]
[Date "1996.??.??"]
[Round "7"]
[White "Krechetov, Alexander"]
[Black "Komliakov, Viktor"]
[Result "0-1"]
[WhiteElo "2325"]
[BlackElo "2500"]

1.Nf3 d5 2.c4 c6 3.d4 Nf6 4.e3 Bg4 5.cxd5 cxd5 6.Qb3 Qc8 7.Nc3 Bxf3 8.gxf3 e6
9.e4 Nc6 10.Be3 Bb4 11.Bd3 O-O 12.O-O-O Bxc3 13.bxc3 b5 14.Kd2 Rb8 15.Bg5 Na5
16.Qa3 dxe4 17.Bxf6 exd3 18.Rhg1 Nc4+ 19.Kxd3 g6 20.Qc1 e5 21.Qg5 exd4 22.cxd4 Re8
23.Rc1 Qa6 24.d5 Rbc8 25.Rg4 Qa3+ 26.Rc3 Qxa2 27.Rc2 Qb3+ 28.Bc3 Ne5+  0-1

[Event "RUS-Cup1 Chigorin mem"]
[Site "St Petersburg"]
[Date "1996.??.??"]
[Round "8"]
[White "Makarov, Marat"]
[Black "Gorbatow, Alexej"]
[Result "1-0"]
[WhiteElo "2560"]
[BlackElo "2415"]

1.Nf3 d5 2.c4 d4 3.g3 g6 4.Bg2 Bg7 5.d3 e5 6.b4 Ne7 7.O-O O-O 8.Nbd2 Nd7
9.Nb3 Rb8 10.a4 Re8 11.a5 c6 12.e3 dxe3 13.Bxe3 b6 14.axb6 axb6 15.Re1 Nf5
16.Bg5 f6 17.Bc1 Bf8 18.Bd2 c5 19.b5 Bg7 20.Bc3 Nf8 21.Ra7 Re7 22.Rxe7 Nxe7
23.Qe2 Bf5 24.Rd1 Qd7 25.Ne1 Bg4 26.f3 Bf5 27.Ra1 Rd8 28.Bf1 Qc7 29.Qa2 Bc8
30.Qa7 Qd6 31.Qa2 Bb7 32.Qf2 Ne6 33.Bg2 Qb8 34.Ra2 Kf7 35.Bd2 h5 36.Bc1 h4
37.Bd2 hxg3 38.hxg3 Rh8 39.Bc1 Nf5 40.Nc2 Bf8 41.Ne3 Nxe3 42.Bxe3 Bd6 43.Bc1 Rh7
44.Nd2 f5 45.Nb1 Nd4 46.Nc3 e4 47.f4 exd3 48.Be3 Nc2 49.Nd5 Kf8 50.Bd2 Nd4
51.Ra3 g5 52.Rxd3 Qa7 53.fxg5 Qa1+ 54.Qe1 Qa2 55.g6 Rh5 56.Nf6 Ne2+ 57.Qxe2 Qa1+
58.Be1 Qxf6 59.Qxh5  1-0

[Event "Jacques Lemans op16"]
[Site "St Veit"]
[Date "1996.??.??"]
[Round "2"]
[White "Juergens, Klaus"]
[Black "Zvan, Ziga"]
[Result "1/2-1/2"]
[WhiteElo "2185"]
[BlackElo "1946"]

1.Nf3 d5 2.c4 e6 3.g3 Nf6 4.b3 Be7 5.Bg2 O-O 6.O-O Nbd7 7.Bb2 b6 8.e3 Bb7
9.Qe2 c5 10.d3 Re8 11.Nbd2 Nf8 12.Rfd1 Ng6 13.d4 Rc8 14.cxd5 exd5 15.Bh3 Rc7
16.Ne5 Bc8 17.Bg2 cxd4 18.Nxg6 hxg6 19.Bxd4 Bb7 20.Nf3 Ne4 21.Qb2 Bf6 22.Rac1 Rxc1
23.Rxc1 Bxd4 24.Qxd4 Qd7 25.Nd2 Ng5 26.h4 Ne6 27.Qa4 Qxa4 28.bxa4 Re7 29.Nb3 Rc7
30.Rxc7 Nxc7 31.Kf1 a5 32.Nd4 Kf8 33.Ke1 Na6 34.Bf1 Ke7 35.Bxa6 Bxa6 36.Kd2 Kd6
37.Kc3 Bc8 38.Nb3 Bg4 39.Nd2 Bd1 40.Nb3 Ke5 41.Kd3 Bg4 42.Nd4 Kd6 43.Kc3 Bd7
44.Kb3 Ke5 45.f3 Kd6 46.Ne2 Bf5 47.Kc3 Kc5 48.Nd4 Bd7 49.Kb3 f6 50.Ne2 Be6
51.Nd4 Bd7 52.Kc3  1/2-1/2

[Event "Jacques Lemans op16"]
[Site "St Veit"]
[Date "1996.??.??"]
[Round "9"]
[White "Juergens, Klaus"]
[Black "Hafner, Robert"]
[Result "1/2-1/2"]
[WhiteElo "2185"]
[BlackElo "2088"]

1.Nf3 d5 2.c4 c6 3.g3 Nf6 4.Bg2 Bg4 5.Ne5 Bh5 6.cxd5 Nxd5 7.Nc3 e6 8.O-O Nd7
9.Nxd7 Qxd7 10.d3 Be7 11.Bd2 O-O 12.Rb1 Rfd8 13.a3 Bf6 14.Ne4 Be7 15.b4 b6
16.Re1 Rac8 17.Qb3 Nf6 18.Nxf6+ Bxf6 19.Rbc1 Rc7 20.Rc2 Rdc8 21.Bf4 e5 22.Be3 Be7
23.Rec1 Bg4 24.Qa4 c5 25.Qxd7 Bxd7 26.Kf1 Kf8 27.f4 f6 28.fxe5 fxe5 29.d4 exd4
30.Bf4 Bf5 31.Bxc7 Bxc2 32.Bxb6 axb6 33.Rxc2  1/2-1/2

[Event "Stary Smokovec op"]
[Site "Stary Smokovec"]
[Date "1996.??.??"]
[Round "?"]
[White "Vejmelek, Milan"]
[Black "Odler, Daniel"]
[Result "1/2-1/2"]
[WhiteElo "2110"]
[BlackElo "2185"]

1.Nf3 d5 2.c4 c6 3.b3 Bf5 4.g3 e6 5.Bg2 Nf6 6.Bb2 Be7 7.O-O O-O 8.d3 Bg6
9.Nbd2 Nbd7 10.a3 Qc7 11.Rc1 Rad8 12.b4 Qb8 13.Qb3 dxc4 14.Nxc4 Nd5 15.Rfe1 Bf6  1/2-1/2

[Event "Stary Smokovec op"]
[Site "Stary Smokovec"]
[Date "1996.??.??"]
[Round "?"]
[White "Dobrovolsky, Ladislav"]
[Black "Fabry, Robert"]
[Result "1/2-1/2"]
[WhiteElo "2395"]
[BlackElo "2235"]

1.Nf3 d5 2.c4 d4 3.b4 f6 4.Qb3 e5 5.e3 a5 6.b5 c5 7.bxc6 Nxc6 8.Na3 a4 9.Qb1 Nh6
10.exd4 Nxd4 11.Nxd4 Qxd4 12.Nb5 Qb6 13.Nc3 Bc5 14.Qxb6 Bxb6 15.Rb1 Ba5 16.Bd3 Be6
17.Nxa4 Bxd2+ 18.Bxd2 Rxa4 19.Rxb7 O-O 20.Bxh6 gxh6 21.Bxh7+ Kh8 22.Bd3 e4
23.Bb1 Bxc4 24.Kd2 Bxa2 25.Bxa2 Rxa2+ 26.Ke3 Kg8 27.Rd1 Rf7 28.Rdd7 Rxd7
29.Rxd7 f5 30.Rd2 f4+ 31.Ke2 Ra4 32.g3 Kf7 33.gxf4 Ke6 34.Ke3 Kf5 35.Rd5+ Kg4
36.h3+ Kxh3 37.Rd4 Ra3+ 38.Kxe4 Kg4 39.f5 Rf3 40.Rd6 Rf4+ 41.Ke3 Rf3+ 42.Ke2 Rxf5
43.Rxh6 Re5+ 44.Kf1 Kf4 45.Rf6+ Rf5 46.Ra6 Rb5 47.Ra4+ Kf3 48.Ra3+ Kf4  1/2-1/2

[Event "Stary Smokovec op"]
[Site "Stary Smokovec"]
[Date "1996.??.??"]
[Round "?"]
[White "Dobrovolsky, Ladislav"]
[Black "Schuetz, Peter"]
[Result "1-0"]
[WhiteElo "2395"]
[BlackElo "2020"]

1.Nf3 d5 2.c4 d4 3.b4 g6 4.Bb2 Bg7 5.g3 Nh6 6.Bg2 O-O 7.d3 a5 8.a3 c6 9.O-O axb4
10.axb4 Rxa1 11.Bxa1 Qb6 12.Nbd2 Na6 13.Qb3 Rd8 14.Rb1 Nc7 15.Bb2 Ne6 16.Ra1 Qc7
17.Ra8 b6 18.Qa2 Qd6 19.Ne4 Qc7 20.Ra7 Bb7 21.Nfg5 Nxg5 22.Nxg5 Rb8 23.c5 bxc5
24.bxc5 Qe5 25.h4 Bf8 26.Bc1 Qf6 27.Bf4 e5 28.Ne4 Qe7 29.Bd2 Qd7  1-0

[Event "Stary Smokovec op"]
[Site "Stary Smokovec"]
[Date "1996.??.??"]
[Round "?"]
[White "Dobrovolsky, Ladislav"]
[Black "Vavrak, Peter"]
[Result "1/2-1/2"]
[WhiteElo "2395"]
[BlackElo "2105"]

1.Nf3 d5 2.c4 e6 3.g3 Nf6 4.Bg2 Bd6 5.O-O O-O 6.d4 c6 7.b3 Qe7 8.Bb2 Nbd7
9.Nbd2 e5 10.dxe5 Nxe5 11.cxd5 Nxd5 12.Nxe5 Bxe5 13.Bxe5 Qxe5 14.Nc4 Qh5
15.e4 Qxd1 16.Rfxd1 Ne7 17.Nd6 b6 18.f4 Bg4 19.Rd2 f6 20.h3 Be6 21.f5 Bf7
22.Bf1 b5 23.Nxf7 Kxf7 24.Rad1 Rfb8 25.Rd7 Ke8 26.Rc7 Rc8 27.Rb7 Rcb8 28.Rdd7 Rxb7
29.Rxb7 a6 30.Kf2 Rd8 31.Ke2 Rd4 32.Bg2 a5 33.Ra7 a4 34.bxa4 Rxa4 35.Rxa4 bxa4
36.Kd3 Kd7 37.Kc4 Kd6 38.Bf1 c5 39.a3 Kc6 40.Bg2 Kb6 41.Bf3 Nc8 42.e5 fxe5
43.Kd5 c4 44.g4 c3 45.Bd1 Nd6 46.Bxa4 e4 47.Kd4 Nb5+ 48.Kxe4 Nxa3 49.g5 Kc7
50.Ke5 c2 51.Bxc2 Nxc2 52.f6 gxf6+ 53.Kxf6 Nd4 54.h4 Nf3 55.h5 Nxg5 56.Kxg5 Kd6
57.Kh6 Ke7 58.Kxh7 Kf7 59.h6 Kf8 60.Kg6 Kg8 61.h7+ Kh8 62.Kh6  1/2-1/2

[Event "SUI-chT"]
[Site "SUI"]
[Date "1996.??.??"]
[Round "2"]
[White "Fioramonti, Hung"]
[Black "Sherwin, James T"]
[Result "1-0"]
[WhiteElo "2350"]
[BlackElo "2320"]

1.Nf3 d5 2.c4 c6 3.e3 Nf6 4.Nc3 e6 5.b3 Bd6 6.Bb2 O-O 7.Qc2 e5 8.cxd5 cxd5
9.Nb5 Nc6 10.Nxd6 Qxd6 11.Bb5 Nb4 12.Qc1 Bd7 13.Bxe5 Qb6 14.a3 Rac8 15.Bc3 Bxb5
16.axb4 d4 17.Nxd4 Nd5 18.Ra5 Nxb4 19.Rxb5 Nd3+ 20.Kd1 Qg6 21.Qa1 Nxf2+ 22.Ke2 Nxh1
23.Qxh1 Rfd8 24.Qf1 b6 25.Kf2 a6 26.Rb4 Qe4 27.Kg1 Rc5 28.Nf3 f6 29.Rd4 Rdc8
30.Qd3 Qe8 31.Rd7 R5c7 32.Ng5 Qxd7 33.Qxh7+ Kf8 34.Bb4+ Rc5 35.Qh8+ Ke7 36.Qxg7+ Kd6
37.Qxf6+ Kc7 38.Bxc5 Kb8 39.Qxb6+ Qb7 40.Bd6+ Ka8 41.Qxb7+  1-0

[Event "SUI-chT"]
[Site "SUI"]
[Date "1996.??.??"]
[Round "8"]
[White "Fioramonti, Hung"]
[Black "Boschetti, Claudio"]
[Result "1-0"]
[WhiteElo "2350"]
[BlackElo "2095"]

1.Nf3 d5 2.c4 e6 3.g3 Nf6 4.Bg2 dxc4 5.Qa4+ Bd7 6.Qxc4 Bc6 7.Nc3 Nbd7 8.O-O Be7
9.b4 O-O 10.Qb3 a5 11.b5 Nc5 12.Qc4 Bd5 13.Nxd5 exd5 14.Qc2 a4 15.Nd4 Ne6
16.Nf5 a3 17.d4 Re8 18.Nxe7+ Qxe7 19.Rd1 Qb4 20.Qd3 Ra4 21.e3 Rea8 22.Rb1 Qd6
23.Bd2 Ng5 24.Rdc1 g6 25.Rc2 h5 26.Rbc1 Ne6 27.Bh3 Ng5 28.Bg2 Ne6 29.Be1 Kg7
30.f3 Ne8 31.Rd1 f5 32.e4 fxe4 33.fxe4 dxe4 34.Qxe4 Nf6 35.Qe5 Rd8 36.Qxd6 Rxd6
37.d5 Ne8 38.Re2  1-0

[Event "SWE-chT 9596"]
[Site "?"]
[Date "1996.??.??"]
[Round "?"]
[White "Bjarnehag, Peter"]
[Black "Ronneland, Daniel"]
[Result "1-0"]
[WhiteElo "2290"]
[BlackElo "2185"]

1.Nf3 d5 2.c4 c6 3.d4 Nf6 4.e3 e6 5.Nbd2 Nbd7 6.Bd3 dxc4 7.Nxc4 b5 8.Ncd2 Bb7
9.O-O a6 10.a4 Be7 11.Nb3 O-O 12.Bd2 Qb6 13.Na5 c5 14.Nxb7 Qxb7 15.axb5 axb5
16.dxc5 Nxc5 17.Be2 Nfe4 18.Bb4 Rxa1 19.Qxa1 Ra8 20.Qb1 Bf6 21.Nd4 Na6 22.Bf3 Nxb4
23.Bxe4 Nd5 24.Bxh7+ Kh8 25.Be4 Ra4 26.Rd1 b4 27.Qc2 b3 28.Qc5 Qa8 29.Bxd5 Qxd5
30.Qxd5 exd5 31.Nxb3 Rb4 32.Nd2 Rxb2 33.Nf3 g6 34.Kf1 Rb5 35.Ng1 Kg7 36.Ne2 Be5
37.f4 Bc7 38.Nc3 Rb3 39.Nxd5 Bd6 40.Ke2 g5 41.Rd3  1-0

[Event "SWE-chT 9596"]
[Site "?"]
[Date "1996.??.??"]
[Round "?"]
[White "Hultin, Johan"]
[Black "Svensson, Leif"]
[Result "1-0"]
[WhiteElo "2300"]
[BlackElo "2215"]

1.Nf3 d5 2.c4 e6 3.d4 c6 4.Qc2 f5 5.g3 Nf6 6.Bg2 Be7 7.O-O O-O 8.b3 b6 9.Ba3 Bxa3
10.Nxa3 Qe7 11.Qb2 c5 12.Rac1 Bb7 13.e3 Nc6 14.cxd5 exd5 15.Rfd1 Rad8 16.Nc2 Ne4
17.Nce1 Qf6 18.Nd3 g5 19.dxc5 Qxb2 20.Nxb2 bxc5 21.Nd3 d4 22.exd4 cxd4 23.Nc5 Nxc5
24.Rxc5 h6 25.Nxg5 hxg5 26.Bxc6 Bxc6 27.Rxc6 g4 28.Rc5 d3 29.Rc3 Rfe8 30.Rdxd3 Rxd3
31.Rxd3 Re2 32.Rd8+ Kf7 33.Rd7+ Ke6 34.Rxa7 Rb2 35.Ra4 Ke5 36.Kg2 Kd5 37.b4 Ke5
38.a3 Kd5 39.Ra5+ Ke4 40.b5  1-0

[Event "Tallinn"]
[Site "Tallinn"]
[Date "1996.??.??"]
[Round "2"]
[White "Sergejev, Roman"]
[Black "Shishkov, Andrei"]
[Result "1/2-1/2"]
[WhiteElo "2350"]
[BlackElo "2135"]

1.Nf3 d5 2.c4 e6 3.b3 Nf6 4.g3 Be7 5.Bg2 b6 6.Bb2 O-O 7.O-O Bb7 8.e3 c5 9.Nc3 Nbd7
10.Rc1 Rc8 11.Qe2 Qc7 12.cxd5 Nxd5 13.Nxd5 Bxd5 14.e4 Bb7 15.d4 Qb8 16.Rfd1 Qa8
17.Re1 Rfd8 18.Rcd1 cxd4 19.Nxd4 Nf6 20.a3 Rd7 21.f3 Rcd8 22.Kh1  1/2-1/2

[Event "GEO-ch"]
[Site "Tbilisi"]
[Date "1996.??.??"]
[Round "?"]
[White "Gurgenidze, Bukhuti"]
[Black "Supatashvili, Khvicha"]
[Result "0-1"]
[WhiteElo "2340"]
[BlackElo "2445"]

1.Nf3 d5 2.c4 c6 3.b3 Bg4 4.Bb2 Nd7 5.d3 Ngf6 6.Nbd2 e6 7.g3 Bd6 8.Bg2 O-O
9.O-O Re8 10.Qc2 a5 11.a3 Bh5 12.e4 dxe4 13.dxe4 e5 14.Nh4 Nc5 15.Bf3 Bg6
16.Rad1 Qc7 17.Nxg6 hxg6 18.Bg2 g5 19.Nf3 g4 20.Nh4 Bf8 21.h3 Ne6 22.hxg4 Nxg4
23.Bh3 Nf6 24.Bxe6 Rxe6 25.Kg2 Rd8 26.Qe2 Ree8 27.a4 Rxd1 28.Rxd1 Qc8 29.Qf3 Qe6
30.Rd2 g6 31.Qd3 Qg4 32.f3 Qg5  0-1

[Event "Tel Aviv ASA"]
[Site "Tel Aviv"]
[Date "1996.??.??"]
[Round "4"]
[White "Shutzman, Joseph"]
[Black "Lev, Ronen"]
[Result "0-1"]
[WhiteElo "2265"]
[BlackElo "2465"]

1.Nf3 d5 2.c4 d4 3.d3 Nc6 4.g3 e5 5.Bg2 Bb4+ 6.Nbd2 a5 7.O-O Nf6 8.a3 Bc5
9.Ne4 Nxe4 10.dxe4 O-O 11.Ne1 a4 12.Nd3 Qe7 13.Bd2 Bd7 14.Qe1 b6 15.f4 Bd6
16.f5 f6 17.Rc1 Nd8 18.g4 g5 19.fxg6 hxg6 20.g5 fxg5 21.Rxf8+ Kxf8 22.c5 bxc5
23.Nxc5 Bc8 24.Qg3 Nf7 25.Nd3 Kg7 26.Bb4 g4 27.Bxd6 cxd6 28.Nb4 Be6 29.Nd5 Qg5
30.Rc7 Rb8 31.Nb4 Rc8 32.Rxc8 Bxc8 33.e3 dxe3 34.Kf1 Bd7 35.Ke1 Bb5 36.Nd5 e2
37.Qe3 Qh4+ 38.Qg3 Qh6 39.Ne3 Ng5 40.Kf2 Nf3 41.Bxf3 e1=Q+  0-1

[Event "Tel Aviv ASA"]
[Site "Tel Aviv"]
[Date "1996.??.??"]
[Round "8"]
[White "Lev, Ronen"]
[Black "Bykhovsky, Avigdor"]
[Result "1/2-1/2"]
[WhiteElo "2465"]
[BlackElo "2420"]

1.Nf3 d5 2.c4 c6 3.b3 Bf5 4.Bb2 e6 5.g3 Nf6 6.Bg2 Be7 7.O-O O-O 8.d4 Nbd7
9.Nc3 Ne4 10.Nd2 Nxd2 11.Qxd2 Nf6 12.Rfd1 h6 13.Qc1 Rc8 14.Ba3 Re8 15.Qb2 Qd7
16.Rac1 Bd6 17.Bxd6 Qxd6 18.e3 Qe7 19.Ne2 Be4 20.f3 Bh7 21.Nf4 c5 22.Nd3 cxd4
23.exd4 Bxd3 24.Rxd3 b6 25.Qf2 Qa3 26.Rdc3 e5 27.Bh3 exd4 28.Qxd4 Rc7 29.Qd2 Rce7
30.Bf1 Qc5+ 31.Kg2 dxc4 32.Rxc4 Qe5 33.Rd4 Rc7 34.Rd1 b5 35.Qd3 a6 36.a4 bxa4
37.bxa4 a5 38.Qd2 Rc5 39.Bb5 Qc7 40.Bxe8 Rc2 41.Bb5 Rxd2+ 42.R1xd2 g6 43.Rc4 Qe5
44.Bc6 Kg7 45.Rdc2 h5 46.h4 Nd5 47.Bxd5 Qxd5 48.Re4 Qd6 49.Rce2 Qd7 50.g4 hxg4
51.fxg4 Qd5 52.g5 f5 53.gxf6+ Kxf6 54.Kg3 Kg7 55.Re5 Qb3+ 56.Kg4 Kh6 57.R2e4 Qd1+
58.Kg3 Qb3+ 59.Kg4 Qd1+ 60.Kf4 Qd2+ 61.Kg3 Qd3+ 62.Re3 Qd4 63.R5e4 Qd6+ 64.Kf3 Qd1+
65.Kg2 Qd2+ 66.Kf3 Qd1+ 67.Re2 Qd3+ 68.Kf4 Qd6+ 69.Kf3 Qd3+ 70.Kg2 Qa3 71.Kf2 Qc5+
72.R2e3 Qc2+ 73.Kg3 Qc7+ 74.Re5 Qd6 75.Kg2 Qd2+ 76.Kh3 Qd7+ 77.Re6 Qxa4 78.Rg3 Qc2
79.Ree3 a4 80.Ref3 Qc6 81.Kg2 Qd7 82.Rd3 Qf5 83.Rdf3 Qe4 84.Kg1 Qc2 85.Kf1 Kh5
86.Rh3 Qd1+ 87.Kf2  1/2-1/2

[Event "CRO-chT2"]
[Site "Tucepi"]
[Date "1996.??.??"]
[Round "?"]
[White "Banusic, Zeljko"]
[Black "Rosandic, Denis"]
[Result "1/2-1/2"]
[WhiteElo "2265"]
[BlackElo "2295"]

1.Nf3 d5 2.c4 e6 3.g3 Nf6 4.Bg2 Be7 5.O-O O-O 6.d4 dxc4 7.Ne5 Nc6 8.Nxc6 bxc6
9.Bxc6 Rb8 10.Bg2 c5 11.dxc5 Qxd1 12.Rxd1 Bxc5 13.Nc3 Be7 14.Rb1 e5 15.Be3 a6
16.Nd5 Nxd5 17.Bxd5 Bf5 18.Rbc1 Rxb2 19.Bxc4 Rd8 20.Rxd8+ Bxd8 21.Bc5 Bc7
22.a4 Rc2 23.Rxc2 Bxc2 24.Bxa6 Bxa4 25.Bc4 g6  1/2-1/2

[Event "Ubeda op"]
[Site "Ubeda"]
[Date "1996.??.??"]
[Round "?"]
[White "Kacheishvili, Giorgi"]
[Black "Ibragimov, Ildar"]
[Result "1-0"]
[WhiteElo "2460"]
[BlackElo "2575"]

1.Nf3 d5 2.c4 d4 3.g3 c5 4.Bg2 Nc6 5.O-O e5 6.d3 f6 7.e3 Be6 8.exd4 cxd4
9.a3 Nge7 10.b4 a6 11.Nbd2 Ng6 12.Nb3 Be7 13.Nfd2 Qc8 14.Ne4 Bh3 15.Nec5 Bxg2
16.Kxg2 O-O 17.Qf3 Rf7 18.Bd2 f5 19.Qd5 Bxc5 20.Nxc5 b6 21.Na4 Qc7 22.Kh1 Rd8
23.Qg2 f4 24.Rab1 f3 25.Qh3 e4 26.dxe4 Nce5 27.c5 b5 28.Nb6 Nc4 29.Nxc4 bxc4
30.Rbd1 Qc6 31.Rfe1 Re8 32.Qf1 d3 33.Bc3 Rfe7 34.Qh3 Rxe4 35.Rxe4 Qxe4 36.Qd7 Re7
37.Qc8+ Kf7 38.Qxa6 Qd5 39.c6 Ne5 40.Bxe5 Rxe5 41.c7 d2 42.h4 Re6 43.Qa7 Re7
44.Qb8 Re1+ 45.Kh2 Rxd1 46.c8=Q Rh1+ 47.Kxh1 d1=Q+ 48.Kh2 Q1d4 49.Qg8+ Kg6
50.Qbe8+ Kh6 51.Qee6+ Qxe6 52.Qxe6+ g6 53.Qe7 Qxf2+ 54.Kh3 Qg1 55.Qf8+ Kh5
56.Qxf3+ Kh6 57.b5 Qc5 58.b6 Qc8+ 59.g4 c3 60.b7 Qb8  1-0